000 00490cam a2200193ua 4500
001 3661
005 20260515113717.0
008 111126n ii |||gr||||Z||||||asm
040 _cMAIN
082 _a891.4514
100 1 _aBarua, Bireswar,
_eAuthor.
245 1 1 _aSahitya sadhanar abhas
_cby Bireswar Barua
250 _a1st.
260 _aGuwahati:
_bLawyers book stall,993.
300 _a77p:
_c23cm.
653 _aAssamese literature
653 _aSahitya sadhanar abhas
942 _cBK
999 _c3488
_d3488